00464pab a2200157 454500008004000000100002700040245007400067260000900141300001500150362001200165650003800177650003200215650002000247700002100267773001800288180718b2014 xxu||||| |||| 00| 0 eng d aPrakash, D'Souza Alwyn aState of public health: A case study of Raichur district in Karnataka c2014 ap.408-419. aOct-Dec aPublic health - India - Karnataka aHealth services - Karnataka aHealth services aLeelavathi, D.S. aSocial Action